Who killed change: (Record no. 362523)
[ view plain ]
| 000 -LEADER | |
|---|---|
| fixed length control field | 00503nam a2200133Ia 4500 |
| 008 - FIXED-LENGTH DATA ELEMENTS--GENERAL INFORMATION | |
| fixed length control field | 191108s9999 xx 000 0 und d |
| 020 ## - INTERNATIONAL STANDARD BOOK NUMBER | |
| International Standard Book Number | 978-0-06-177893-3 |
| 100 ## - MAIN ENTRY--PERSONAL NAME | |
| Personal name | Blanchard, Ken |
| 245 ## - TITLE STATEMENT | |
| Statement of responsibility, etc | Ken Blanchard, Judd Hoekstra, Pat Zigarmi, John Britt.-- |
| Title | Who killed change: |
| Remainder of title | Solving the mystery of leading people through change / |
| 260 ## - PUBLICATION, DISTRIBUTION, ETC. (IMPRINT) | |
| Place of publication, distribution, etc | New York: |
| Name of publisher, distributor, etc | Polvera Publishing and John Britt, HarperCollins Publishers |
| Date of publication, distribution, etc | 2009 |
| 300 ## - PHYSICAL DESCRIPTION | |
| Extent | 143 pages : |
| 650 ## - SUBJECT ADDED ENTRY--TOPICAL TERM | |
| Topical term or geographic name as entry element | Labor market |
| 650 ## - SUBJECT ADDED ENTRY--TOPICAL TERM | |
| Topical term or geographic name as entry element | Leadership |
| Withdrawn status | Lost status | Source of classification or shelving scheme | Damaged status | Home library | Current library | Shelving location | Date acquired | Source of acquisition | Total Checkouts | Full call number | Barcode | Date last seen | Price effective from | Koha item type |
|---|---|---|---|---|---|---|---|---|---|---|---|---|---|---|
| Library of Congress Classification | Southville International School Affiliated with Foreign Universities Library | Southville International School Affiliated with Foreign Universities Library | Southville Foreign University Section | 11/08/2019 | Donation | HD 58.8 .B639 2009 | SFU0305 | 11/08/2019 | 11/08/2019 | Books |